A sentenȧ trabalhista e suas repercusse̳s no direito previdencir̀io

Bibliographic Details
Main Author: Agostinho, Theodoro Vicente
Other Authors: Scalřcio, Marcos, Salvador, Sřgio Henrique
Format: eBook
Language:Portuguese
Published: San Pablo: LTR, 2018
Subjects:
Online Access:Acceso restringido

MARC

LEADER 00000nam a22000007a 4500
005 20180907211031.0
007 cr|||| ||||
008 180907s2018 br |||||s|||| 00||0 por d
020 |a 978-85-361-9603-9 
035 |a 22001 
040 |a vLex 
090 |c 8100  |d 8100 
100 1 |a Agostinho, Theodoro Vicente 
245 1 1 |a A sentenȧ trabalhista e suas repercusse̳s no direito previdencir̀io  |h [Recurso electrn̤ico] /  |c Theodoro Vicente Agostinho, Marcos Scalřcio, Sřgio Henrique Salvador 
256 |a Servicio en ln̕ea 
260 |a San Pablo:  |b LTR,  |c 2018 
300 |a 1 recurso electrn̤ico 
506 1 |a Disponible solo en los productos indicados  |d vLex Global  |d vLex Global (Academic Edition, excluding Law Schools)  |d vLex Global (U.S. Academic Edition, Law Schools)  |d vLex Global (U.S. Academic Edition, excluding Law Schools)  |d vLex Global (Academic Edition, Law Schools) 
650 0 4 |a Derecho Laboral y Seguridad Social  |z Brasil 
700 1 |a Scalřcio, Marcos 
700 1 |a Salvador, Sřgio Henrique 
740 0 |a vLex Libros (Servicio en ln̕ea) 
856 4 0 |u http://vlex.com/source/senten-a-trabalhista-repercuss-es-direito-previdenciario-22001  |z Acceso restringido 
942 |c BOOK 
999 0 |b Labor law and social security